书目信息 |
| 题名: |
直流稳定电源
|
|
| 作者: | 彭日知 编 | |
| 分册: | ||
| 出版信息: | 北京 高等教育出版社 1982 |
|
| 页数: | 126页 | |
| 开本: | 19cm | |
| 丛书名: | 电子技术教学小丛书 | |
| 单 册: | ||
| 中图分类: | TN86 , TM44 | |
| 科图分类: | ||
| 主题词: | 稳压电源--普及读物 , 稳定器 | |
| 电子资源: | ||
| ISBN: | ||
| 000 | 00756nam2 2200289 45 | |
| 001 | 0182006725 | |
| 005 | 20040521144657.8 | |
| 010 | @dCNY0.53 | |
| 091 | @a15010.0418 | |
| 100 | @a19950526d1982 em y0chiy0121 ea | |
| 101 | 0 | @achi |
| 102 | @aCN@b110000 | |
| 105 | @ay z 000yy | |
| 106 | @ar | |
| 200 | 10 | @a直流稳定电源@Azhi liu wen ding dian yuan@f彭日知编 |
| 210 | @a北京@c高等教育出版社@d1982@h1983印 | |
| 215 | @a126页@d19cm | |
| 225 | 2 | @a电子技术教学小丛书 |
| 410 | 0 | @120010@a电子技术教学小丛书 |
| 606 | @a稳压电源@x普及读物 | |
| 606 | 0 | @a稳定器 |
| 690 | @aTN86@v3 | |
| 690 | @aTM44 | |
| 701 | 0 | @a彭日知@Apeng ri zhi@4编 |
| 801 | 0 | @aCN@b上海图书馆@c20040521 |
| 801 | 2 | @aCN@bNLC@c20040521 |
| 905 | @f1@b107559@dTM44@e10 | |
| 直流稳定电源/彭日知编.-北京:高等教育出版社,1982(1983印) |
| 126页;19cm.-(电子技术教学小丛书) |
| ISBN :CNY0.53 |
| ● |
| 相关链接 |
|
|
|
|
正题名:直流稳定电源
索取号:TM44/10
 
预约/预借
| 序号 | 登录号 | 条形码 | 馆藏地/架位号 | 状态 | 备注 |
| 1 | 0107559 | 001698862 | 第三借阅区/ [索取号:TM44/10] | 在馆 | |
| 2 | 0107560 | 001344575 | 第二样本阅览室/ [索取号:TM44/10] | 在馆 |